Mảnh đất tình yêu Tiểu thuyết

Na minha lista:
Detalhes bibliográficos
Autor principal: Nguyễn Minh Châu
Formato: Livro
Idioma:Vietnamese
Publicado em: H. Tác phẩm mới 1987
Assuntos:
Tags: Adicionar Tag
Sem tags, seja o primeiro a adicionar uma tag!
Thư viện lưu trữ: Mạng thư viện Đại học Đà Nẵng
LEADER 00715nam a2200277 4500
001 000003900
003 21
005 20121211001215.0
008 110510s1987 viesd
020 |c 87 đ 
041 0 |a vie 
100 0 |a Nguyễn Minh Châu 
245 0 |a Mảnh đất tình yêu  |b Tiểu thuyết  |c Nguyễn Minh Châu 
260 |a H.  |b Tác phẩm mới  |c 1987 
300 |a 273 tr  |c 19cm 
653 |a Văn học hiện đại 
653 |a Việt Nam 
653 |a Tiểu thuyết 
OWN |a LSP 
999 |a From the UDN01 
TYP |a Monograph 
TYP |a Printed language 
980 |a Mạng thư viện Đại học Đà Nẵng